| 000 | 01180nam a22002777a 4500 | ||
|---|---|---|---|
| 001 | BD-DhSAU | ||
| 003 | BD-DhSAU | ||
| 005 | 20241214103200.0 | ||
| 008 | 150420b2005 bg ||||| m||| 00| 0 eng d | ||
| 040 | _aBD-DhSAU | ||
| 082 |
_222 _a658.8 _bF374 |
||
| 100 |
_aISLAM, MD. FERDAUSUL _eRegistration No. # 16-07452 |
||
| 245 |
_aRural women entrepreneurship development in
sirajganj district of bangladesh: a case study on
their challenges and preparations /
_bMS thesis |
||
| 260 |
_aSher-e-Bangla Agricultural University: _bDepartment of Agribusiness and Marketing, _c2023. |
||
| 300 |
_avii, 50p. ; _c30 cm. |
||
| 500 | _aMS thesis of Department of Agribusiness and Marketing SYSTEM , Faculty of Agribusiness and Marketing, Sher-e-Bangla Agricultural University, Dhaka, Bangladesh | ||
| 504 | _aIncludes bibliographical reference. | ||
| 590 | _aNazmul | ||
| 650 | _arural women entrepreneurship, | ||
| 651 | _asirajganj district of bangladesh | ||
| 654 | _atheir challenges and preparations | ||
| 700 |
_aAssist. Prof. Dr. Md. Ghulam Rabbany _eSuperviser |
||
| 700 |
_aAssist. Prof. Dr. Airin Rahman _eCo-superviser |
||
| 942 |
_2ddc _cTHESIS |
||
| 999 |
_c17685 _d17684 |
||